Statistics for World Powers by Letter

Click here to take the quiz!

General Stats

  • This quiz has been taken 23 times
  • The average score is 10 of 26

Answer Stats

Hint Answer % Correct
R27 BC - 1453 ADRoman Empire
100%
B1583 AD - 1997 ADBritish Empire
88%
J1868 AD - 1947 ADJapanese Empire
81%
G1871 AD - 1918 ADGerman Empire
75%
U1922 AD - 1991 ADUnion of Soviet Socialist Republics
69%
O1299 AD - 1922 ADOttoman Empire
69%
M1206 AD - 1368 ADMongol Empire
69%
Y1918 AD - 1992 ADYugoslavia
56%
A2500 BC - 609 BCAssyrian Empire
44%
N1581 AD - PresentNetherlands
44%
I1438 AD - 1533 ADInca Empire
38%
E1137 AD - 1974 ADEthiopian Empire
38%
H400 AD - 600 ADHunnic Empire
31%
Q1616 AD - 1912 ADQing Dynasty
31%
V697 AD - 1797 ADVenetian Republic
25%
Z1816 AD - 1897 ADZulu Kingdom
25%
S224 AD - 651 ADSasanian Empire
19%
W1807 AD - 1813 ADWestphalia
19%
C800 AD - 888 ADCarolingian Empire
19%
K1397 AD - 1523 ADKalmar Union
13%
L570 AD - 770 ADLombard Kingdom
13%
F100 AD - 600 ADFunan Empire
13%
P1569 AD - 1795 ADPoland-Lithuania
13%
T1370 AD - 1507 ADTimurid Empire
13%
D168 BC - 106 ADDacian Kingdom
13%
X300 BC - 100 ADXiongnu Khaganate
13%

Score Distribution

Percentile by Number Answered

Percent of People with Each Score

Your Score History

You have not taken this quiz